|
|
|
|
| LEADER |
00000nam a2200000 a 4500 |
| 001 |
vtls001433161 |
| 003 |
SK-MaSNL |
| 005 |
20260301202801.0 |
| 008 |
240801s2001 xo ra slo |
| 015 |
|
|
|a SNBA2002/07-02430
|
| 020 |
|
|
|a 8071494380
|
| 035 |
|
|
|a SNK000388228
|
| 035 |
|
|
|a urn:nbn:sk:snk-amk3s3
|
| 035 |
|
|
|a urn:nbn:sk:snk-am005d92
|
| 035 |
|
|
|a 8A106087-39F2-4101-B13F-9C9627384036
|
| 040 |
|
|
|a SNK
|b slo
|c SNK
|e AACR2
|
| 041 |
0 |
|
|a slo
|
| 044 |
|
|
|a xo
|c SK
|
| 080 |
|
|
|a 886.1-3
|2 1981
|
| 100 |
1 |
|
|a Ćosić, Bora,
|d 1932-
|4 aut
|9 41081
|
| 240 |
1 |
0 |
|a Musilov notes
|l Slovensky
|
| 245 |
1 |
0 |
|a Musilov notes
|b terstský román
|c Bora Ćosić ; [z chorvátskeho originálu preložil Karol Chmel]
|
| 260 |
|
|
|a Bratislava
|b Kalligram
|c 2001
|
| 300 |
|
|
|a 124 s.
|c 23 cm
|
| 650 |
0 |
7 |
|a romány spoločenské srbské
|2 SNK
|9 342462
|
| 655 |
|
7 |
|a umelecká literatúra
|2 SNK
|9 60405
|
| 700 |
1 |
|
|a Chmel, Karol,
|d 1953-
|4 trl
|9 105159
|
| 852 |
|
|
|a Slovenská národná knižnica
|
| 919 |
|
|
|a 80-7149-438-0
|
| 954 |
|
|
|a beletria cudzojazyčná (svetová)
|2 lita
|
| 958 |
|
|
|a TL
|
| 958 |
|
|
|a UP
|
| 958 |
|
|
|a LX
|
| 958 |
|
|
|a HR
|
| 958 |
|
|
|a NS
|
| 968 |
|
|
|b CR
|
| 999 |
|
|
|c 900166
|d 902096
|
| 952 |
|
|
|t P60, <03>, [BOOK], {603}
|a SNK
|b SNK
|y PREZ
|7 0
|p 17A0342320
|o snkSC 107817
|i snkKSP 4991/2002
|0 0
|1 0
|4 0
|d 2002-04-30
|f 1
|l 0
|r 2025-09-29 00:00:00
|w 2026-02-24
|
| 952 |
|
|
|t P60, <04>, [BOOK], {604}
|a SNK
|b SNK
|y VYP
|7 0
|p 17A0342321
|o snkSC 107817 D1
|i snkKSP 4992/2002
|0 0
|1 0
|4 0
|d 2002-04-30
|l 0
|r 2005-01-02 00:00:00
|w 2026-02-24
|